Statistics for Music by Letter - G

Click here to take the quiz!

General Stats

  • This quiz has been taken 17,146 times
    (16,877 since last reset)
  • The average score is 14 of 20

Answer Stats

HintAnswer% Correct
Common strummed instrumentGuitar
99%
Christian hymn "Amazing _____"Grace
96%
Pop singer SelenaGomez
95%
The Prince of Motown, Marvin ___Gaye
87%
Singer Stefani from No DoubtGwen
87%
Paul Simon's partnerGarfunkel
84%
Band headed by Axl RoseGuns 'n' Roses
84%
Geri Halliwell's alter ego: ______ SpiceGinger
83%
Judy of "Over the Rainbow" fameGarland
81%
Seattle-born rock genreGrunge
78%
"Summer Nights" hit musicalGrease
72%
Singer EstefanGloria
71%
Phil Collins's former groupGenesis
66%
The devil went down here to have a
fiddle battle
Georgia
65%
Freelance musician's jobGig
53%
"Dizzy" trumpet playerGillespie
51%
"Rhapsody in Blue" composerGershwin
50%
Folk singers Arlo and WoodyGuthrie
47%
Xylophone-like instrumentGlockenspiel
45%
Phonograph, VictrolaGramophone
39%

Score Distribution

Percentile by Number Answered

Percent of People with Each Score

Your Score History

You have not taken this quiz since the last reset